Biutiful [DVD/videorecording] / LD Entertainment ; ... Read More
Record details
- Physical Description: 1 videodisc (ca. 147 min.) : sd., col. ; 4 3/4 in.
- Publisher: Santa Monica, Calif. : Lions Gate Home Entertainment, 2011
Content descriptions
| General Note: | Based on a story by Alejandro González Iñárritu. Originally produced as a motion picture in 2010. Special features include director's flip notes, crew, interviews and theatrical trailer. |
| Creation/Production Credits Note: | Director of photography, Rodrigo Prieto ; edited ... Read More |
| Participant or Performer Note: | Hanaa Bouchaib, Javier Bardem, Maricel Alvarez, ... Read More |
| Summary, etc.: | Uxbal is a man on the wrong side of the law who ... Read More |
| Target Audience Note: | MPAA rating: R; for disturbing images, language, ... Read More |
| System Details Note: | DVD, NTSC, widescreen; Dolby Digital 5.1; region ... Read More |
| Language Note: | Spanish dialogue with optional English or Spanish ... Read More Closed-captioned in English. |
Search for related items by subject
| Subject: | González Iñárritu, Alejandro > Film adaptations. Redemption > Drama. Fathers > Spain > Barcelona > Drama. Criminal behavior > Drama. Redención > Teatro. Padres > Spain > Barcelona > Teatro. Psicología criminal > Teatro. |
| Genre: | Film adaptations. Fiction films. Feature films. Feature films > Mexico. Feature films > Spain. Foreign language films > Spanish. Video recordings for the hearing impaired. |
| LDR | 04306cgm a2200865Ia 4500 | ||
|---|---|---|---|
| 001 | 131197 | ||
| 003 | LARL_NWRL_CONSORTIUM | ||
| 005 | 20110602165517.0 | ||
| 007 | vd cvaizq | ||
| 008 | 110310s2011 cau147 e vlspa d | ||
| 024 | 1 | 0. | ‡a012236114000 ‡d80 |
| 024 | 1 | . | ‡a012236114000 |
| 028 | 4 | 2. | ‡a29938 ‡bLions Gate Home Entertainment |
| 035 | . | ‡a(OCoLC)706741530 | |
| 037 | . | ‡bMidwest Tape ‡nhttp://www.midwesttapes.com | |
| 040 | . | ‡aTEFMT ‡cTEFMT ‡dBTCTA ‡dTEF ‡dGK8 ‡dOCLCA ‡dBKX ‡dGK8 ‡dWAU | |
| 041 | 1 | . | ‡aspa ‡jeng ‡jspa ‡hspa |
| 043 | . | ‡ae-sp--- | |
| 044 | . | ‡acau ‡asp ‡amx | |
| 050 | 4. | ‡aPN1997.2 ‡b.B58 2011 | |
| 082 | 0 | 4. | ‡a791.43/72 ‡223 |
| 245 | 0 | 0. | ‡aBiutiful ‡h[DVD/videorecording] / ‡cLD Entertainment ; Roadside Attractions ; Menage Atroz ; Mod Producciones ; en asociación con Focus Features International ; una película de Alejandro González Iñárritu ; dirigida por Alejandro González Iñárritu ; produtores, Alejandro González Iñárritu, Jon Kilik, Fernando Bovaira ; escrito por Alejandro González Iñárritu, Armando Bo, Nicolás Giacobone. |
| 257 | . | ‡aSpain ; ‡aMexico ‡2naf | |
| 260 | . | ‡aSanta Monica, Calif. : ‡bLions Gate Home Entertainment, ‡c2011 | |
| 300 | . | ‡a1 videodisc (ca. 147 min.) : ‡bsd., col. ; ‡c4 3/4 in. | |
| 538 | . | ‡aDVD, NTSC, widescreen; Dolby Digital 5.1; region 1. | |
| 546 | . | ‡aSpanish dialogue with optional English or Spanish subtitles. | |
| 546 | . | ‡aClosed-captioned in English. | |
| 511 | 1 | . | ‡aHanaa Bouchaib, Javier Bardem, Maricel Alvarez, Eduard Fernández. |
| 508 | . | ‡aDirector of photography, Rodrigo Prieto ; edited by Stephen Mirrione ; music by Gustavo Santaolalla. | |
| 500 | . | ‡aBased on a story by Alejandro González Iñárritu. | |
| 500 | . | ‡aOriginally produced as a motion picture in 2010. | |
| 521 | 8 | . | ‡aMPAA rating: R; for disturbing images, language, some sexual content, nudity and drug use. |
| 520 | . | ‡aUxbal is a man on the wrong side of the law who struggles to provide for his children on the dangerous streets of Barcelona. As fate encircles him, Uxbal learns to accept the realities of life, whether bright, bad, or biutiful. | |
| 500 | . | ‡aSpecial features include director's flip notes, crew, interviews and theatrical trailer. | |
| 600 | 1 | 0. | ‡aGonzález Iñárritu, Alejandro ‡vFilm adaptations. |
| 650 | 0. | ‡aRedemption ‡vDrama. | |
| 650 | 0. | ‡aFathers ‡zSpain ‡zBarcelona ‡vDrama. | |
| 650 | 0. | ‡aCriminal behavior ‡vDrama. | |
| 650 | 7. | ‡aRedención ‡vTeatro. ‡2bidex | |
| 650 | 7. | ‡aPadres ‡zSpain ‡zBarcelona ‡vTeatro. ‡2bidex | |
| 650 | 7. | ‡aPsicología criminal ‡vTeatro. ‡2bidex | |
| 655 | 7. | ‡aFilm adaptations. ‡2lcgft ‡0(LARL_NWRL_CONSORTIUM)175712 | |
| 655 | 7. | ‡aFiction films. ‡2lcgft ‡0(LARL_NWRL_CONSORTIUM)175626 | |
| 655 | 7. | ‡aFeature films. ‡2lcgft ‡0(LARL_NWRL_CONSORTIUM)175625 | |
| 655 | 7. | ‡aFeature films ‡zMexico. ‡2local | |
| 655 | 7. | ‡aFeature films ‡zSpain. ‡2local | |
| 655 | 7. | ‡aForeign language films ‡xSpanish. ‡2local | |
| 655 | 7. | ‡aVideo recordings for the hearing impaired. ‡2lcgft ‡0(LARL_NWRL_CONSORTIUM)175744 | |
| 700 | 1 | . | ‡aBouchaib, Hanaa. ‡4act |
| 700 | 1 | . | ‡aBardem, Javier, ‡d1969- ‡4act ‡0(LARL_NWRL_CONSORTIUM)146870 |
| 700 | 1 | . | ‡aAlvarez, Maricel. ‡4act |
| 700 | 1 | . | ‡aFernández, Eduard. ‡4act |
| 700 | 1 | . | ‡aGonzález Iñárritu, Alejandro. ‡4pro ‡4aus ‡4drt ‡0(LARL_NWRL_CONSORTIUM)206530 |
| 700 | 1 | . | ‡aBo, Armando. ‡4pro ‡4aus |
| 700 | 1 | . | ‡aKilik, Jon. ‡4pro ‡0(LARL_NWRL_CONSORTIUM)142232 |
| 700 | 1 | . | ‡aBovaira, Fernando. ‡4pro ‡0(LARL_NWRL_CONSORTIUM)207191 |
| 700 | 1 | . | ‡aGiacobone, Nicolás. ‡4pro ‡4aus |
| 700 | 1 | . | ‡aSantaolalla, Gustavo. ‡4cmp ‡0(LARL_NWRL_CONSORTIUM)205342 |
| 700 | 1 | . | ‡aGonzález Iñárritu, Alejandro. ‡0(LARL_NWRL_CONSORTIUM)206530 |
| 710 | 2 | . | ‡aLions Gate Home Entertainment. ‡0(LARL_NWRL_CONSORTIUM)147778 |
| 710 | 2 | . | ‡aLD Entertainment. |
| 710 | 2 | . | ‡aRoadside Attractions (Firm) ‡0(LARL_NWRL_CONSORTIUM)203276 |
| 710 | 2 | . | ‡aMenage Atroz (Firm) |
| 710 | 2 | . | ‡aMod Producciones. |
| 710 | 2 | . | ‡aFocus Features International (Firm) ‡0(LARL_NWRL_CONSORTIUM)217440 |
| 948 | . | ‡hNO HOLDINGS IN LAL - 320 OTHER HOLDINGS | |
| 994 | . | ‡aZ0 ‡bLAL | |
| 901 | . | ‡a131197 ‡bOCLC ‡c131197 ‡tbiblio | |

Add to basket
Permalink
Disable Highlighting